000 00686nam a2200265 4500
001 30057
003 BD-RjUL
005 20211209051514.0
008 140408s1969 nyua 001 0 eng
020 _a0471587087
035 _a(BD-RjUL)30142
040 _aDLC
_cDLC
_dDLC
_beng
041 _aeng
082 0 0 _a311.2
_bMCP 1969
100 1 _aMcNemar, Quinn,
_d1900-
_990692
245 1 0 _aPsychological statistics /
_cQuinn McNemar
250 _a4th ed.
260 _aNew York :
_bWiley,
_c1969
300 _avii, 529 p. :
_billus. ;
_c24 cm.
504 _aIncludes index
650 0 _aStatistics.
_991422
942 _2ddc
_cBK
999 _c30057
_d30057